000 01242njm a22002657a 4500
005 20100908100941.0
007 sd ammalaaahaa
008 100908t xxu||||| |||| 00| 0 hin d
028 _aN. 54515
_bHis Master's Voice
035 _aGR-01257
040 _aSED/VEN
100 _aMangeshkar, Lata
_91184
245 _aMajboor :
_bhindustani /
_cby Lata Mangeshkar and Hemant Kumar ; music by Kalyanji Anandji ; lyric by Indiwar
_h[sound recording] :
246 _aमजबूर (लता मंगेशकर और हेमंत कुमार)
260 _aDum Dum, India
_bHis Master's Voice
_c1964
300 _a1 sound record [Greamophone records] :
_banalog, 33. 1/3 rpm
_c10 in.
500 _aBrief record.
505 _aBadli hai zmane ki nazar बदली है ज़माने की नज़र भाग १ ,( Lata Mangeshkar and Hemant Kumar) Tumhe jo bhi dekh lega तुम्हे जो भी देख लेगा भाग २
_u
_r
650 _aClassical Music
_xExcerpts
_zIndia
_918799
700 _aHemant Kumar
_918800
700 _aKalyanji Anandji
_918820
700 _aIndiwar
_918837
942 _2ddc
_cGR
999 _c44380
_d44380